| 000 | 00519 a2200205 4500 | ||
|---|---|---|---|
| 005 | 20260513120848.0 | ||
| 008 | 260513b |||||||| |||| 00| 0 eng d | ||
| 020 |
_a9789390461332 _cRs. 750.00 |
||
| 040 | _aMAIN | ||
| 082 |
_a150 _bS64M |
||
| 100 | _aSingh, Neeraj Pratap | ||
| 245 | _aManovigyan | ||
| 260 |
_bKhel Sahitya Kendra _c2021 _aNew Delhi |
||
| 300 | _a136 | ||
| 650 | _aPsychology | ||
| 650 | _aIntelligence Test | ||
| 650 | _aGrowth and Development | ||
| 700 | _aSingh, Dhananjay | ||
| 942 | _cBK | ||
| 999 |
_c393763 _d393763 |
||